| 000 | 00000nas 2200000zi 4500 |
| 001 | 9.892637 |
| 003 | CaOODSP |
| 005 | 20221107173228 |
| 006 | m o d f |
| 007 | cr ||||||||||| |
| 008 | 201020d1989200uonc x m o f0###|0eng|d |
| 022 | |y0843-5626 |
| 040 | |aCaOODSP|beng|erda|cCaOODSP |
| 043 | |an-cn--- |
| 086 | 1 |aFs66-5E-PDF |
| 130 | 0 |aEconomic and commercial analysis report. |
| 245 | 10|aEconomic and commercial analysis report. |
| 264 | 1|a[Ottawa] : |bFisheries and Oceans Canada = Pêches et océans Canada |
| 310 | |aIrregular |
| 336 | |atext|btxt|2rdacontent |
| 337 | |acomputer|bc|2rdamedia |
| 338 | |aonline resource|bcr|2rdacarrier |
| 362 | 1 |aBegan with no. 1; ceased with no. 165? |
| 500 | |aIssued also in French under title: Rapport de l'analyse économique et commerciale. |
| 650 | 0|aFisheries|zCanada. |
| 710 | 1 |aCanada. |bDepartment of Fisheries and Oceans. |
| 775 | 08|tRapport de l'analyse économique et commerciale.|w(CaOODSP)9.892696 |
| 776 | 0#|tEconomic and commercial analysis report / |w(CaOODSP)9.514673 |
| 785 | 00|tEconomic analysis report |w(CaOODSP)9.806464 |